[Event "corr"]
[Site "Austria"]
[Date "1992.??.??"]
[Round "?"]
[White "Toefferl, Heimo"]
[Black "Friesenhahn, Harald"]
[Result "1/2-1/2"]
[WhiteElo "2205"]
[BlackElo "2345"]
[PlyCount "56"]
[EventDate "1992.??.??"]
[EventType "tourn (corr)"]
[EventRounds "9"]
[EventCountry "AUT"]
[SourceTitle "Corr 2020"]
[Source "ChessBase"]
[SourceDate "2019.09.30"]
[SourceVersion "1"]
[SourceVersionDate "2019.09.30"]
[SourceQuality "1"]

1. d4 d5 2. Nf3 Nf6 3. Bg5 e6 4. e3 Be7 5. Bd3 0-0 6. Nbd2 h6 7. Bh4 b6 8. Qe2 Bb7 9. Ne5 Nbd7 10. f4 c5 11. c3 Ne4 12. Bxe7 Qxe7 13. Ndf3 cxd4 14. exd4 Nxe5 15. fxe5 f5 16. exf6 Rxf6 17. 0-0 Raf8 18. Bxe4 dxe4 19. Nd2 Rxf1+ 20. Rxf1 Rxf1+ 21. Nxf1 Qg5 22. Ne3 b5 23. g3 b4 24. c4 Qd8 25. Qd2 a5 26. Ng4 a4 27. b3 axb3 28. axb3 Qa5 1/2-1/2